000
00358nam a2200169Ia 4500
100
_a
Coulouris/G
650
_a
Distributed systems
250
_a
4
942
_c
BK
366
_f
5
245
_a
Distributed systems:Concepts and design
260
_b
Pearson Education
_c
2009
082
_a
4.6
_b
COU
300
_a
849
546
_a
ENGLISH
999
_c
30010
_d
30010